Normal view
MARC view
- Beg, Abdulla Anwar.
Entry Personal Name
001 - CONTROL NUMBER
- control field: 5606
003 - CONTROL NUMBER IDENTIFIER
- control field: NUST
005 - DATE AND TIME OF LATEST TRANSACTION
- control field: 20171024160515.0
008 - FIXED-LENGTH DATA ELEMENTS
- fixed length control field: 171024|| aca||aabn | a|a d
040 ## - CATALOGING SOURCE
- Original cataloging agency: NUST
- Transcribing agency: NUST
100 ## - HEADING--PERSONAL NAME
- Personal name: Beg, Abdulla Anwar.
670 ## - SOURCE DATA FOUND
- Source citation: Work cat.: (NUST)0: Beg, Abdulla Anwar., The poet of the East, 1939.
